000 00212nam a22001097a 4500
041 _aeng
080 _a80
100 _aArtemjuk, N. D.
245 _aAus dem Alltag Gegriffen.
650 _aGerman
999 _c278580
_d278580
942 _cBK